000
00240nam a22001217a 4500
040
_c
SK
082
_a
592
100
_a
DUK CHHENG
245
_a
សត្តវិទ្យា
260
_a
RUA
_b
DUK
_c
2016
300
_a
173p.
942
_c
KB
999
_c
10836
_d
10836